Gran Atlas Aguilar. (Record no. 75315)

MARC details
000 -LEADER
campo de control de longitud fija 00798nam a2200205 i 4500
001 - NÚMERO DE CONTROL
campo de control 75315
003 - IDENTIFICADOR DE NÚMERO DE CONTROL
campo de control ES-MaACL
005 - FECHA Y HORA DE LA ÚLTIMA TRANSACCIÓN
campo de control 20250724094352.0
007 - CAMPO FIJO DE DESCRIPCIÓN FÍSICA--INFORMACIÓN GENERAL
campo de control de longitud fija t|
008 - DATOS DE LONGITUD FIJA--INFORMACIÓN GENERAL
campo de control de longitud fija 040923m19691970sp ab |||| | spa d
245 00 - MENCIÓN DEL TÍTULO
Título Gran Atlas Aguilar.
260 ## - PUBLICACIÓN, DISTRIBUCIÓN, ETC.
Lugar de publicación, distribución, etc. [Madrid] :
Nombre del editor, distribuidor, etc. Aguilar,
Fecha de publicación, distribución, etc. [1969-1970]
300 ## - DESCRIPCIÓN FÍSICA
Extensión 3 v. :
Otras características físicas principalmente mapas col. ;
Dimensiones 50 cm.
490 1# - MENCIÓN DE SERIE
Mención de serie Summa cartographica
505 8# - NOTA DE CONTENIDO CON FORMATO
Nota de contenido con formato Contiene: I ;
Título Europa, Norte de Asia - II ;
-- Sur de Asia, África, Oceanía, América, mapas generales, mapas temáticos - III ;
-- Índice de topónimos, sistemas de transcripción, abreviaturas utilizadas en los mapas, relación de términos geográficos
650 #7 - PUNTO DE ACCESO ADICIONAL DE MATERIA--TÉRMINO DE MATERIA
Término de materia o nombre geográfico como elemento de entrada Atlas
Fuente del encabezamiento o término embne
9 (RLIN) 10407
830 0# - PUNTO DE ACCESO ADICIONAL DE SERIE-TÍTULO UNIFORME
Título uniforme Summa cartographica
9 (RLIN) 231251
852 ## - LOCALIZACIÓN
Ubicación ES-MaACL
Número de control de estantería B-7747
Holdings
Estatus retirado Estado de pérdida Estado de daño No para préstamo Biblioteca de origen Biblioteca actual Ubicación en estantería Fecha de adquisición Fuente de adquisición Total de préstamos Signatura topográfica completa Código de barras Visto por última vez Precio de reemplazo Tipo de ítem Koha
        Biblioteca del Ateneo de Madrid Biblioteca del Ateneo de Madrid Sala Pardo Bazán 17/01/2008     B-7747 1078830 23/02/2023 23/02/2023 Libro impreso